Countries that Produce the Most Cheese - Statistics

General Stats
  • This quiz has been taken 29 times
  • The average score is 12 of 15
Answer Stats
Production Country % Correct
1886 France
100%
1254 Italy
96%
5585 United States
96%
407 Canada
88%
2741 Germany
88%
311 Australia
85%
772 Netherlands
81%
744 Poland
81%
664 Russia
81%
410 United Kingdom
77%
369 Denmark
69%
325 New Zealand
65%
559 Argentina
62%
569 Czech Republic
50%
629 Egypt
42%
No matching quizzes found
Score Distribution
Percent of People with Each Score
Percentile by Number Answered
Your Score History
You have not taken this quiz